[Event "1. RSCO"]
[Site "Rostock"]
[Date "2002"]
[Round "6.6"]
[White "Mephisto Vancouver 32 Bit"]
[Black "Mephisto MMV"]
[Result "1-0"]
[WhiteElo "2161"]
[BlackElo "1979"]
[PlyCount "113"]
[EventDate "2002.??.??"]
[EventType "tourn"]
[EventRounds "7"]
[EventCountry "GER"]

1. d4 Nf6 2. c4 e6 3. Nf3 b6 4. Nc3 Bb7 5. a3 d5 6. cxd5 Nxd5 7. Qc2 Nxc3 8.
Qxc3 h6 9. b4 Be7 10. Bb2 O-O 11. e3 Nd7 12. Rd1 a5 13. b5 Bxf3 14. gxf3 Nf6
15. Rg1 Nd5 16. Qd3 Bd6 17. f4 Qh4 18. h3 f5 19. Bg2 Rae8 20. Kf1 Kh7 21. Qc4
g6 22. Qc6 Rd8 23. Rc1 Ne7 24. Qc4 Nd5 25. a4 Rf7 26. Rh1 Rfd7 27. Bxd5 exd5
28. Qxd5 Bxf4 29. Qf3 Bd6 30. Rg1 Re8 31. Qg2 Qh5 32. Bc3 Rde7 33. Bd2 f4 34.
Qg4 fxe3 35. fxe3 Qxg4 36. hxg4 Re4 37. Kf2 R8e7 38. Rc6 Rf7+ 39. Ke2 Rff4 40.
g5 h5 41. Kd3 Rh4 42. Be1 Rhg4 43. Rxg4 Rxg4 44. Bxa5 bxa5 45. b6 cxb6 46. Rxd6
h4 47. Rxb6 Rxg5 48. e4 Rg3+ 49. Kc4 Ra3 50. Kc5 g5 51. d5 Rxa4 52. d6 Ra1 53.
d7 Rc1+ 54. Kd6 Rd1+ 55. Kc7 h3 56. Rb1 Rxb1 57. d8=Q 1-0

[Event "1. RSCO"]
[Site "Rostock"]
[Date "2002"]
[Round "6.7"]
[White "Mephisto Lyon 32 Bit"]
[Black "Mephisto Polgar"]
[Result "1-0"]
[WhiteElo "2155"]
[BlackElo "1971"]
[PlyCount "135"]
[EventDate "2002.??.??"]
[EventType "tourn"]
[EventRounds "7"]
[EventCountry "GER"]

1. e4 c6 2. Nf3 d5 3. Nc3 Bg4 4. h3 Bxf3 5. Qxf3 Nf6 6. d3 d4 7. Nd1 e5 8. Be2
Nbd7 9. O-O Be7 10. Qg3 O-O 11. c3 c5 12. f4 Qb8 13. fxe5 Nxe5 14. Bf4 Bd6 15.
Rc1 Re8 16. h4 b5 17. h5 a5 18. Rc2 dxc3 19. Nxc3 a4 20. h6 g6 21. Qg5 Nfd7 22.
Nd5 Re6 23. Qg3 Nf6 24. Rd2 Nxd5 25. exd5 Rf6 26. Qh4 Nf3+ 27. Rxf3 Rxf4 28.
Qf2 Rxf3 29. Bxf3 a3 30. b4 cxb4 31. Bd1 Bf4 32. Re2 Bxh6 33. Re7 Bf4 34. Re4
Bh2+ 35. Kh1 Bd6 36. Qc2 Qb7 37. Qc6 Qxc6 38. dxc6 Rc8 39. Bb3 Rxc6 40. Kg1
Rc1+ 41. Kf2 Rc3 42. d4 Kg7 43. Re3 f5 44. Ke2 g5 45. Re8 Rg3 46. Rd8 Be7 47.
Rd7 Kf6 48. Kf1 Rd3 49. Ke2 Rc3 50. Rb7 Rg3 51. Rb6+ Kg7 52. Rb7 Rxb3 53. axb3
Kf6 54. Kd3 f4 55. Ke4 h5 56. Ra7 Kf7 57. d5 Ke8 58. Kf5 Bd8 59. Ke6 f3 60. Rf7
fxg2 61. d6 Bf6 62. Rxf6 g1=Q 63. d7+ Kd8 64. Rf8+ Kc7 65. d8=Q+ Kb7 66. Qa8+
Kb6 67. Rb8+ Kc5 68. Qd5# 1-0

[Event "1. RSCO"]
[Site "Rostock"]
[Date "2002"]
[Round "6.8"]
[White "Mephisto Polgar"]
[Black "Mephisto Lyon 32 Bit"]
[Result "0-1"]
[WhiteElo "1971"]
[BlackElo "2155"]
[PlyCount "64"]
[EventDate "2002.??.??"]
[EventType "tourn"]
[EventRounds "7"]
[EventCountry "GER"]

1. e4 c6 2. d4 d5 3. Nc3 dxe4 4. Nxe4 Nd7 5. Bc4 Ngf6 6. Ng5 e6 7. Qe2 Nb6 8.
Bd3 h6 9. N5f3 c5 10. dxc5 Bxc5 11. Ne5 Nbd7 12. Ngf3 Qc7 13. O-O O-O 14. Bf4
Bd6 15. Rfe1 Nxe5 16. Nxe5 b6 17. Qf3 Bb7 18. Qh3 Rfd8 19. Rad1 Ne4 20. Bxe4
Bxe4 21. Nxf7 Kxf7 22. Rxe4 Bxf4 23. Qxe6+ Kf8 24. Rxd8+ Rxd8 25. g3 Bc1 26. b4
Qf7 27. Qxf7+ Kxf7 28. Kg2 Bg5 29. c4 Rd2 30. h4 Bf6 31. a3 Ra2 32. Re3 Rc2 0-1

[Event "1. RSCO"]
[Site "Rostock"]
[Date "2002"]
[Round "7.1"]
[White "Mephisto Polgar"]
[Black "Magellan"]
[Result "0-1"]
[WhiteElo "1971"]
[BlackElo "2191"]
[PlyCount "114"]
[EventDate "2002.??.??"]
[EventType "tourn"]
[EventRounds "7"]
[EventCountry "GER"]

1. c4 e5 2. Nc3 Nc6 3. Nf3 Nf6 4. g3 Bb4 5. Bg2 O-O 6. O-O e4 7. Ne1 Re8 8. a3
Bf8 9. d3 exd3 10. Nxd3 d6 11. Be3 Be6 12. Nd5 Ng4 13. Bf4 Nce5 14. h3 Nxd3 15.
Qxd3 Ne5 16. Qd4 Ng6 17. Be3 c6 18. Nf4 Nxf4 19. Bxf4 d5 20. cxd5 Bxd5 21. Bxd5
cxd5 22. e3 Re4 23. Qd1 Rc8 24. b3 Qd7 25. Kh2 Be7 26. f3 Re6 27. e4 d4 28. Rf2
Rec6 29. Rd2 Rd8 30. Be3 Bf6 31. Rc1 Rxc1 32. Qxc1 h6 33. Bf2 Qe6 34. Rd3 a6
35. Qb2 Qe5 36. Qe2 g5 37. Qd2 h5 38. b4 h4 39. Kg2 Kg7 40. gxh4 gxh4 41. a4 b5
42. axb5 axb5 43. Kg1 Kh7 44. Kh1 Qe6 45. Kh2 Rg8 46. Ra3 Be5+ 47. f4 Qg6 48.
Bg3 hxg3+ 49. Kg1 Qh6 50. Rf3 g2 51. Qa2 Qh5 52. Qb3 d3 53. Rxd3 Bxf4 54. Rg3
Bxg3 55. Qxg3 Rxg3 56. e5 Qd1+ 57. Kf2 g1=Q# 0-1

[Event "1. RSCO"]
[Site "Rostock"]
[Date "2002"]
[Round "7.2"]
[White "Magellan"]
[Black "Mephisto Polgar"]
[Result "1-0"]
[WhiteElo "2191"]
[BlackElo "1971"]
[PlyCount "57"]
[EventDate "2002.??.??"]
[EventType "tourn"]
[EventRounds "7"]
[EventCountry "GER"]

1. e4 e5 2. Nf3 Nc6 3. Bb5 a6 4. Ba4 Nf6 5. O-O Be7 6. Qe2 b5 7. Bb3 O-O 8. c3
d5 9. exd5 Nxd5 10. Nxe5 Nxe5 11. Qxe5 Bb7 12. d4 Bd6 13. Qf5 Qc8 14. Qxc8
Rfxc8 15. Be3 Re8 16. a4 bxa4 17. Rxa4 a5 18. Nd2 Nb6 19. Raa1 a4 20. Ba2 a3
21. bxa3 Rxa3 22. Bb3 Nd5 23. Rxa3 Bxa3 24. Ra1 Nxe3 25. Rxa3 Nd1 26. Bxd1 Re1+
27. Nf1 Rxd1 28. Rb3 Rxf1+ 29. Kxf1 1-0

[Event "1. RSCO"]
[Site "Rostock"]
[Date "2002"]
[Round "7.3"]
[White "Mephisto Vancouver 32 Bit"]
[Black "Mephisto Lyon 32 Bit"]
[Result "1/2-1/2"]
[WhiteElo "2161"]
[BlackElo "2155"]
[PlyCount "41"]
[EventDate "2002.??.??"]
[EventType "tourn"]
[EventRounds "7"]
[EventCountry "GER"]

1. Nf3 d5 2. d4 Nf6 3. c4 dxc4 4. e3 e6 5. Bxc4 c5 6. O-O a6 7. Qe2 b5 8. Bd3
cxd4 9. exd4 Bb7 10. a4 bxa4 11. Rxa4 Be7 12. Nc3 O-O 13. Bg5 a5 14. Rd1 Bc6
15. Raa1 Nbd7 16. Ne5 Bb7 17. Bc2 Qc7 18. Nb5 Qd8 19. Nc3 Qc7 20. Nb5 Qd8 21.
Nc3 1/2-1/2

[Event "1. RSCO"]
[Site "Rostock"]
[Date "2002"]
[Round "7.4"]
[White "Mephisto Lyon 32 Bit"]
[Black "Mephisto Vancouver 32 Bit"]
[Result "0-1"]
[WhiteElo "2155"]
[BlackElo "2161"]
[PlyCount "96"]
[EventDate "2002.??.??"]
[EventType "tourn"]
[EventRounds "7"]
[EventCountry "GER"]

1. e4 e5 2. f4 Qh4+ 3. g3 Qe7 4. fxe5 d6 5. Nf3 dxe5 6. b3 Bg4 7. h3 Bxf3 8.
Qxf3 Nf6 9. Bb5+ Nbd7 10. Bb2 Qc5 11. Bxd7+ Nxd7 12. Na3 Be7 13. Nc4 b5 14. Ba3
Qc6 15. Bxe7 Kxe7 16. Ne3 Nf6 17. O-O Rad8 18. Nd5+ Nxd5 19. Qxf7+ Kd6 20. exd5
Qxd5 21. Qxd5+ Kxd5 22. a4 b4 23. Rf7 Kc6 24. d3 Rd7 25. Rf5 Re8 26. Re1 Kd5
27. Re4 a5 28. Kg2 g6 29. Rf2 Re6 30. g4 Rc6 31. g5 Rc5 32. Rfe2 Re7 33. h4 Kd6
34. Rf2 Kd5 35. Kg3 Rc3 36. Kg4 Re6 37. Rc4 Rc6 38. Rxc3 Rxc3 39. Re2 Rc6 40.
h5 Kd4 41. h6 Kc3 42. Rxe5 Kxc2 43. Re7 Kxb3 44. Rxh7 Kxa4 45. Rd7 Rc1 46. h7
Rh1 47. Kg3 c5 48. Kg2 Rh5 0-1

[Event "1. RSCO"]
[Site "Rostock"]
[Date "2002"]
[Round "7.5"]
[White "TASC CM 16 MHz - King 2.54"]
[Black "Mephisto RISC 2"]
[Result "1/2-1/2"]
[WhiteElo "2370"]
[BlackElo "2200"]
[PlyCount "111"]
[EventDate "2002.??.??"]
[EventType "tourn"]
[EventRounds "7"]
[EventCountry "GER"]

1. e4 e6 2. d4 d5 3. Nc3 dxe4 4. Nxe4 Nd7 5. Nf3 Ngf6 6. Nxf6+ Nxf6 7. Bg5 c5
8. Bc4 cxd4 9. O-O Bc5 10. Qe2 h6 11. Bxe6 d3 12. Qe5 Bxe6 13. Bxf6 Qxf6 14.
Qxc5 dxc2 15. Rfe1 Qxb2 16. Nd4 Qb6 17. Nxe6 fxe6 18. Qxc2 O-O 19. Qe2 Rae8 20.
Rab1 Qc7 21. Rbc1 Qe7 22. Qe3 b6 23. Qb3 Kh8 24. Rc6 e5 25. Qc2 Rd8 26. Kf1 Rd7
27. Rc8 Rxc8 28. Qxc8+ Kh7 29. h4 Rd2 30. Qf5+ g6 31. Qxe5 Qxe5 32. Rxe5 Rxa2
33. h5 gxh5 34. Rxh5 a6 35. Rf5 b5 36. Rf7+ Kg6 37. Rb7 Kf5 38. g3 Rb2 39. Ra7
Rb1+ 40. Ke2 Ra1 41. Rh7 Ra2+ 42. Ke3 Ra3+ 43. Kd4 Kg6 44. Rb7 Rf3 45. Ra7 Rf6
46. f4 Kf5 47. Ra8 Rg6 48. Rf8+ Kg4 49. f5 Rc6 50. Ke5 Rc5+ 51. Ke6 Kxg3 52. f6
Kf4 53. Rb8 Re5+ 54. Kd6 Rf5 55. Ke6 Re5+ 56. Kd6 1/2-1/2

[Event "1. RSCO"]
[Site "Rostock"]
[Date "2002"]
[Round "7.6"]
[White "Mephisto RISC 2"]
[Black "TASC CM 16 MHz - King 2.54"]
[Result "1-0"]
[WhiteElo "2200"]
[BlackElo "2370"]
[PlyCount "75"]
[EventDate "2002.??.??"]
[EventType "tourn"]
[EventRounds "7"]
[EventCountry "GER"]

1. e4 c5 2. Nf3 e6 3. d4 cxd4 4. Nxd4 d6 5. Be3 e5 6. Bb5+ Bd7 7. Bxd7+ Nxd7 8.
Nf5 Ngf6 9. Nc3 d5 10. exd5 Qa5 11. O-O g6 12. Ng3 Bb4 13. Nge4 Nxe4 14. Nxe4
f5 15. c3 Bf8 16. Ng5 f4 17. b4 Qb5 18. Qf3 Qd3 19. Rfe1 Be7 20. Bxf4 Qxf3 21.
Nxf3 exf4 22. d6 O-O 23. Rxe7 Rf7 24. Rae1 Rd8 25. Nd4 Rdf8 26. Ne6 Rc8 27.
Nxf4 Rxf4 28. Rxd7 Rf7 29. Rxf7 Kxf7 30. Re7+ Kf6 31. Rc7 Rd8 32. d7 b5 33.
Rxa7 Ke7 34. Rc7 Kd6 35. Rc5 Rxd7 36. Rxb5 Kc6 37. Rc5+ Kb6 38. Kf1 1-0

[Event "1. RSCO"]
[Site "Rostock"]
[Date "2002"]
[Round "7.6"]
[White "Mephisto Montreux"]
[Black "Mephisto MMV"]
[Result "1-0"]
[WhiteElo "2196"]
[BlackElo "1979"]
[PlyCount "55"]
[EventDate "2002.??.??"]
[EventType "tourn"]
[EventRounds "7"]
[EventCountry "GER"]

1. e4 e5 2. Nc3 Nf6 3. f4 d5 4. fxe5 Nxe4 5. Nf3 Be7 6. d4 O-O 7. Bd3 f5 8.
exf6 Bxf6 9. O-O Nc6 10. Nxe4 dxe4 11. Bxe4 Nxd4 12. Ng5 Bf5 13. c3 Bxg5 14.
Bxg5 Qxg5 15. Qxd4 Bxe4 16. Qxe4 Qb5 17. Rae1 Qxb2 18. Qc4+ Kh8 19. Qxc7 a6 20.
a4 h6 21. h3 b6 22. Kh2 Rfc8 23. Qf7 Qxc3 24. Re7 Rab8 25. Rf3 Qa1 26. Rg3 Rg8
27. Rg6 Kh7 28. Qf5 1-0

[Event "1. RSCO"]
[Site "Rostock"]
[Date "2002"]
[Round "7.8"]
[White "Mephisto MMV"]
[Black "Mephisto Montreux"]
[Result "0-1"]
[WhiteElo "1979"]
[BlackElo "2196"]
[PlyCount "72"]
[EventDate "2002.??.??"]
[EventType "tourn"]
[EventRounds "7"]
[EventCountry "GER"]

1. e4 e5 2. Nf3 f5 3. Nxe5 Nc6 4. Nxc6 dxc6 5. Nc3 Bc5 6. Qf3 Nf6 7. exf5 Qe7+
8. Be2 Qe5 9. g4 O-O 10. b3 Bd7 11. Bb2 Rae8 12. O-O-O Kh8 13. Rde1 Bd4 14. h4
h5 15. gxh5 Bxf5 16. Qg3 Qd6 17. Bf3 Be5 18. Qg2 Bf4 19. Nb1 Bh6 20. Rxe8 Rxe8
21. Rg1 Re7 22. a3 Kg8 23. Qf1 b5 24. Bc3 Nd5 25. Bd4 a5 26. Be3 Nxe3 27. fxe3
Qc5 28. Qd1 Rxe3 29. b4 axb4 30. axb4 Qxb4 31. dxe3 Bxe3+ 32. Nd2 Qa3+ 33. Kb1
Bd4 34. Rxg7+ Bxg7 35. Bd5+ cxd5 36. Nb3 Qb2# 0-1